<?xml version="1.0" encoding="UTF-8"?>
<collection xmlns="http://www.loc.gov/MARC21/slim">
 <record>
  <leader>08913nam a2200529 a 4500</leader>
  <controlfield tag="001">kal4926</controlfield>
  <controlfield tag="003">Gr-AtHEAL</controlfield>
  <controlfield tag="005">20160427134217.0</controlfield>
  <controlfield tag="006">m        d        </controlfield>
  <controlfield tag="008">160413s2015    gr      s           gre|c</controlfield>
  <datafield tag="020" ind1=" " ind2=" ">
   <subfield code="a">9789606032509</subfield>
  </datafield>
  <datafield tag="040" ind1=" " ind2=" ">
   <subfield code="a">GR-AtHEAL</subfield>
   <subfield code="b">gre</subfield>
   <subfield code="c">GR-AtHEAL</subfield>
  </datafield>
  <datafield tag="082" ind1="0" ind2="4">
   <subfield code="a">621.43</subfield>
   <subfield code="2">23</subfield>
  </datafield>
  <datafield tag="100" ind1="1" ind2=" ">
   <subfield code="a">Φατσής, Αντώνιος.</subfield>
   <subfield code="8">2574</subfield>
  </datafield>
  <datafield tag="245" ind1="1" ind2="0">
   <subfield code="a">Εργαστηριακές ασκήσεις μηχανών εσωτερικής καύσης</subfield>
   <subfield code="h">[Ηλεκτρονικός πόρος] </subfield>
   <subfield code="c">Φατσής, Αντώνιος ; Χατζηαποστόλου, Αντώνιος ; Κριτικός αναγνώστης,Δελλής, Πολυχρόνης ; Γραφιστική επιμέλεια,Πετροπούλου, Άρτεμις ; Τεχνική επιμέλεια,Πετροπούλου, Άρτεμις ; Γλωσσική επιμέλεια,Όξενκιούν, Ελένη-Ελισάβετ.</subfield>
  </datafield>
  <datafield tag="260" ind1=" " ind2=" ">
   <subfield code="a">Αθήνα :</subfield>
   <subfield code="b">Σύνδεσμος Ελληνικών Ακαδημαϊκών Βιβλιοθηκών,</subfield>
   <subfield code="c">c2015.</subfield>
  </datafield>
  <datafield tag="490" ind1=" " ind2=" ">
   <subfield code="a">Ακαδημαϊκά Ηλεκτρονικά Συγγράμματα και Βοηθήματα Κάλλιπος</subfield>
   <subfield code="8">40</subfield>
  </datafield>
  <datafield tag="505" ind1=" " ind2=" ">
   <subfield code="a">1. Αποσυναρμολόγηση / συναρμολόγηση εμβολοφόρου κινητήρα και μέτρηση των κύριων γεωμετρικών χαρακτηριστικών του2. Ανάλυση του βασικού κινηματικού μηχανισμού των εμβολοφόρων ΜΕΚ3. Καταγραφή σε υπολογιστή της δυναμικής πίεσης μέσα σε κύλινδρο ΜΕΚ4. Μέτρηση συμπίεσης κυλίνδρων ΜΕΚ με τη χρήση συμπιεσόμετρου5. Ανάλυση καυσαερίων σε βενζινο-κινητήρα και πετρελαιοκινητήρα6. Συστήματα τροφοδοσίας πετρελαιοκινητήρων7. Μέτρηση κατανάλωσης αέρα εμβολοφόρων κινητήρων8. Μέτρηση κατανάλωσης καυσίμου Εμβολοφόρων Κινητήρων και υπολογισμός του λόγου αέρα - καυσίμου σε βενζινοκινητήρα και πετρελαιοκινητήρα9. Αναλυση δυναμοδεικτικού διαγράμματος και υπολογισμός ενδεικνύμενης ισχύος στο διάγραμμα όγκου - πίεσης σε τετράχρονο εμβολοφόρο βενζινοκινητήρα και πετρελαιοκινητήρα10. Πειραματικός προσδιορισμός ενεργειακού ισολογισμού σε τετράχρονο εμβολοφόρο πετρελαιοκινητήρα και βενζινοκινητήρα11. Δυναμομέτρηση βενζινοκινητήρα διπλού καυσίμου με τη χρήση υγραερίου και βενζίνης και συγκριτική ανάλυση των καυσαερίων τους12. Δυναμομέτρηση εμβολοφόρου βενζινοκινητήρα με τη χρήση υδραυλικής πέδης νερού13. Μέτρηση ενδεικνύμενης ισχύος και ισχύος λόγω μηχανικών τριβών που χάνεται κατά τη λειτουργία εμβολοφόρων κινητήρων14. Πειραματική διερεύνηση κρουστικής καύσης με βενζινοκινητήρα μεταβλητής συμπίεσης.15. Δυναμομέτρηση και Ενεργειακός Ισολογισμός μικρού δίχρονου εμβολοφόρου βενζινοκινητήρα</subfield>
  </datafield>
  <datafield tag="520" ind1=" " ind2=" ">
   <subfield code="a">Ο Εργαστηριακός Οδηγός που έχει αναπτυχθεί περιλαμβάνει μία συλλογή εργαστηριακών ασκήσεων που απευθύνεται σαν βασικό εγχειρίδιο του Εργαστηριακού μαθήματος «Μηχανές Εσωτερικής Καύσης», το οποίο διδάσκεται σε τμήματα Μηχανολόγων Μηχανικών και συναφούς γνωστικού αντικειμένου σε Πανεπιστήμια και ΤΕΙ. Περιλαμβάνει εργαστηριακές ασκήσεις που καλύπτουν πλήρως το παραπάνω εξαμηνιαίο εργαστηριακό μάθημα το οποίο είναι υποχρεωτικό στη πλειοψηφία των Τμημάτων Μηχανολόγων Μηχανικών των Πολυτεχνικών Σχολών των Πανεπιστημίων και των Σχολών Τεχνολογικών Εφαρμογών των ΤΕΙ. Οι ιδιοσυσκευές στις οποίες αναφέρονται οι εργαστηριακές ασκήσεις διατίθενται στα περισσότερα εργαστήρια Πανεπιστημίων και ΤΕΙ, πράγμα που καθιστά εφικτή τη πραγματοποίηση των περισσοτέρων από τα πειράματα που περιγράφονται. Στον Οδηγό αυτό αναφέρονται περισσότερες από 13 εργαστηριακές ασκήσεις που αντιστοιχούν στις εβδομάδες μαθημάτων που ορίζονται από τον νόμο, με το σκεπτικό ότι αν δεν είναι εφικτή η πραγματοποίηση κάποιου ή κάποιων από τις εργαστηριακές ασκήσεις, να αντικατασταθούν από άλλη άσκηση που πιθανόν να μπορεί να πραγματοποιηθεί στις εγκαταστάσεις του εργαστηρίου.Οι εργαστηριακές ασκήσεις που παρουσιάζονται υπερκαλύπτουν το γνωστικό αντικείμενο του εργαστηριακού μαθήματος, αρχίζοντας από περιγραφή και διαστασιολόγηση των βασικότερων εξαρτημάτων μιας μηχανής εσωτερικής καύσης, ως τη μέτρηση καυσαερίων βενζινοκινητήρων και πετρελαιοκινητήρων και τον πειραματικό προσδιορισμό βαθμού απόδοσης, χαρακτηριστικών μεγεθών, ενεργειακού ισολογισμού κινητήρων χρησιμοποιώντας διάδορα είδη πάγκων δυναμομέτρησης. Προσφέρουν στον φοιτητή τρόπους επιμέτρησης φυσικών μεγεθών που χαρακτηρίζουν μηχανές εσωτερικής καύσης, προσφέροντας του έτσι τη δυνατότητα βαθύτερης κατανόησης μέσω πειραμάτων της λειτουργίας των μηχανών εσωτερικής καύσης.</subfield>
  </datafield>
  <datafield tag="650" ind1=" " ind2="0">
   <subfield code="a">Internal combustion engines</subfield>
   <subfield code="8">2694</subfield>
  </datafield>
  <datafield tag="653" ind1=" " ind2=" ">
   <subfield code="a">Κρουστική καύση</subfield>
  </datafield>
  <datafield tag="653" ind1=" " ind2=" ">
   <subfield code="a">Παροχή αέρα</subfield>
  </datafield>
  <datafield tag="653" ind1=" " ind2=" ">
   <subfield code="a">Ειδική κατανάλωση καυσίμου</subfield>
  </datafield>
  <datafield tag="653" ind1=" " ind2=" ">
   <subfield code="a">Λόγος ισοδυναμίας αέρα</subfield>
  </datafield>
  <datafield tag="653" ind1=" " ind2=" ">
   <subfield code="a">Ρύποι</subfield>
  </datafield>
  <datafield tag="653" ind1=" " ind2=" ">
   <subfield code="a">Πέδη</subfield>
  </datafield>
  <datafield tag="653" ind1=" " ind2=" ">
   <subfield code="a">Δυναμόμετρο</subfield>
  </datafield>
  <datafield tag="653" ind1=" " ind2=" ">
   <subfield code="a">Ροπή στρέψης</subfield>
  </datafield>
  <datafield tag="653" ind1=" " ind2=" ">
   <subfield code="a">Μέση ενδεικνυμένη πίεση</subfield>
  </datafield>
  <datafield tag="653" ind1=" " ind2=" ">
   <subfield code="a">Ενεργειακός ισολογισμός</subfield>
  </datafield>
  <datafield tag="653" ind1=" " ind2=" ">
   <subfield code="a">Ισχύς απωλειών</subfield>
  </datafield>
  <datafield tag="653" ind1=" " ind2=" ">
   <subfield code="a">Ενδεικνυμένη ισχύς</subfield>
  </datafield>
  <datafield tag="653" ind1=" " ind2=" ">
   <subfield code="a">Πραγματική ισχύς</subfield>
  </datafield>
  <datafield tag="653" ind1=" " ind2=" ">
   <subfield code="a">Διχρόνος</subfield>
  </datafield>
  <datafield tag="653" ind1=" " ind2=" ">
   <subfield code="a">Τετράχρονος</subfield>
  </datafield>
  <datafield tag="653" ind1=" " ind2=" ">
   <subfield code="a">Πετρελαιοκινητήρας</subfield>
  </datafield>
  <datafield tag="653" ind1=" " ind2=" ">
   <subfield code="a">Βενζινοκινητήρας</subfield>
  </datafield>
  <datafield tag="653" ind1=" " ind2=" ">
   <subfield code="a">Μετρήσεις</subfield>
  </datafield>
  <datafield tag="653" ind1=" " ind2=" ">
   <subfield code="a">Μηχανές εσωτερικής καύσης</subfield>
  </datafield>
  <datafield tag="653" ind1=" " ind2=" ">
   <subfield code="a">Τεχνολογία και επιστήμες μηχανικών</subfield>
   <subfield code="a">Μηχανολογική μηχανική και τεχνολογία</subfield>
   <subfield code="a">Μηχανές εσωτερικής καύσης</subfield>
  </datafield>
  <datafield tag="700" ind1="1" ind2=" ">
   <subfield code="a">Χατζηαποστόλου, Αντώνιος</subfield>
   <subfield code="e">Συγγραφέας</subfield>
   <subfield code="8">2575</subfield>
  </datafield>
  <datafield tag="700" ind1="1" ind2=" ">
   <subfield code="a">Δελλής, Πολυχρόνης</subfield>
   <subfield code="e">Κριτικός αναγνώστης</subfield>
   <subfield code="8">2576</subfield>
  </datafield>
  <datafield tag="856" ind1="4" ind2="0">
   <subfield code="u">http://hdl.handle.net/11419/4926</subfield>
   <subfield code="z">Πλήρες Κείμενο - Full text</subfield>
  </datafield>
  <datafield tag="907" ind1=" " ind2=" ">
   <subfield code="a">.b2567884x</subfield>
   <subfield code="b">12-06-18</subfield>
   <subfield code="c">29-07-16</subfield>
  </datafield>
  <datafield tag="949" ind1=" " ind2=" ">
   <subfield code="0">0</subfield>
   <subfield code="1">0</subfield>
   <subfield code="2">ddc</subfield>
   <subfield code="4">0</subfield>
   <subfield code="6">621_430000000000000_ΦΑΤ</subfield>
   <subfield code="7">0</subfield>
   <subfield code="8">KALL</subfield>
   <subfield code="8">643</subfield>
   <subfield code="d">2016-04-13</subfield>
   <subfield code="r">2016-04-13</subfield>
   <subfield code="w">2016-04-13</subfield>
   <subfield code="z">621.43 ΦΑΤ</subfield>
   <subfield code="o">SEAB KALLIPOS</subfield>
  </datafield>
  <datafield tag="998" ind1=" " ind2=" ">
   <subfield code="a">80</subfield>
   <subfield code="a">01</subfield>
   <subfield code="a">02</subfield>
   <subfield code="a">03</subfield>
   <subfield code="a">04</subfield>
   <subfield code="a">05</subfield>
   <subfield code="a">06</subfield>
   <subfield code="a">07</subfield>
   <subfield code="a">08</subfield>
   <subfield code="a">09</subfield>
   <subfield code="a">10</subfield>
   <subfield code="a">11</subfield>
   <subfield code="a">12</subfield>
   <subfield code="a">13</subfield>
   <subfield code="a">14</subfield>
   <subfield code="a">15</subfield>
   <subfield code="a">16</subfield>
   <subfield code="a">17</subfield>
   <subfield code="a">18</subfield>
   <subfield code="a">19</subfield>
   <subfield code="a">20</subfield>
   <subfield code="a">21</subfield>
   <subfield code="a">22</subfield>
   <subfield code="a">23</subfield>
   <subfield code="a">24</subfield>
   <subfield code="a">25</subfield>
   <subfield code="a">26</subfield>
   <subfield code="b">12-05-17</subfield>
   <subfield code="c">m</subfield>
   <subfield code="d">z  </subfield>
   <subfield code="e">-</subfield>
   <subfield code="f">gre</subfield>
   <subfield code="g">gr </subfield>
   <subfield code="h">0</subfield>
  </datafield>
  <datafield tag="942" ind1=" " ind2=" ">
   <subfield code="2">ddc</subfield>
   <subfield code="c">KALLIPOS</subfield>
  </datafield>
 </record>
</collection>
